000 00973nam a22002417a 4500
005 20250908154436.0
010 _aENG-146816 B-763666-684 BACEN25
020 _a9788197744969
_c600.00
035 _aB-763666-684
035 _aEN-130348
037 _bVaibhav publication
037 _bDBAD
082 _a301
100 _aDas, Ajay Kumar
_984949
245 _aIndian Sociology/
_cBy Ajay Kumar Das
250 _aFirst
260 _aNew Delhi
_bStraightforward Publishers Pvt.Ltd
_c2024
270 _aF-3/139, Sector -16, Rohini
_bNew Delhi
_e110089
_k9013011749
_mstraightforwardpublishers@gmail.com
300 _a224p.
_b22cm(pbk)
500 _aBased on NEP-2020
942 _2ddc
_cEN
_h301
_mDAS
999 _c209091
_d209091